[Event "EYg16"]
[Site "Budva YUG"]
[Date "2003.09.19"]
[Round "6"]
[White "Bannikova,A"]
[Black "Rogule,L"]
[Result "0-1"]
[WhiteElo "2195"]
[BlackElo "2254"]

1.e4 c5 2.Nf3 Nc6 3.Bb5 g6 4.O-O Bg7 5.c3 e5 6.d3 Nge7 7.Be3 d6 8.d4 cxd4
9.cxd4 O-O 10.Nc3 Bg4 11.dxe5 dxe5 12.Be2 Bxf3 13.Bxf3 Nd4 14.Bg4 Nec6 15.f3 f5
16.Bh3 Qh4 17.Qd2 fxe4 18.Bg5 e3 19.Qxe3 Rxf3 20.gxf3 Qxh3 21.Rf2 h6 22.Raf1 hxg5
23.Qxg5 Qf5 24.Qxf5 gxf5 25.Rg2 Kf7 26.Kf2 Ne6 27.Rd1 Ncd4 28.h4 Rh8 29.Rh2 Nf4
30.Kg3 Bf6 31.a4 Kg6 32.Rg1  0-1

[Event "Saipa Cup"]
[Site "Tehran IRI"]
[Date "2003.09.19"]
[Round "7"]
[White "Minasian,Ara"]
[Black "Agamaliev,G"]
[Result "1/2-1/2"]
[WhiteElo "2473"]
[BlackElo "2518"]

1.e4 c5 2.Nf3 Nc6 3.Bb5 g6 4.O-O Bg7 5.c3 Nf6 6.Qe2 O-O 7.Rd1 d6 8.d4 cxd4
9.cxd4 Bg4 10.Nc3 Nd7 11.Be3 a6 12.Bxc6 bxc6 13.h3 Bxf3 14.Qxf3 Rb8 15.Qe2 Qa5
16.Rac1 Rfc8 17.b3 Kf8 18.Na4 Nb6 19.Nc3 Nd7 20.Na4 Nb6 21.Nxb6 Qxb6 22.Rc4 d5
23.Ra4 Qb5 24.Qc2 e6 25.Rc1 Kg8 26.exd5 exd5 27.Qc5 Qe2 28.Ra5 Bf8 29.Qc2 Qxc2
30.Rxc2 Ra8 31.Bd2 f6 32.Ra4 Kf7 33.Bb4 Be7 34.Bc5 Bd8 35.b4 a5 36.bxa5 Rxa5
37.Rxa5 Bxa5 38.Rb2 h5 39.Rb7+ Ke6 40.Kf1 Bc7 41.a4 Bd6 42.Bxd6 Kxd6 43.Rb3 Ra8
44.Ra3 c5 45.dxc5+ Kxc5 46.Ke2 Kb4 47.Rf3 Ra6 48.Kd3 Kc5 49.Kc2 f5 50.Ra3 Kb4
51.Rd3 Rxa4 52.Rd4+ Kb5 53.Rxd5+ Kc4 54.Rd6 Ra2+ 55.Kd1 Rxf2 56.Rxg6 Kd3
57.Ke1 Ra2 58.Kf1 Ke3  1/2-1/2

[Event "GRE-GEO Match w"]
[Site "Athens GRE"]
[Date "2003.09.20"]
[Round "3"]
[White "Makropoulou,M"]
[Black "Lomineishvili,M"]
[Result "1-0"]
[WhiteElo "2225"]
[BlackElo "2409"]

1.e4 c5 2.Nf3 Nc6 3.Bb5 g6 4.c3 Nf6 5.e5 Nd5 6.d4 cxd4 7.Qb3 Nb6 8.cxd4 Bg7
9.a4 Na5 10.Qc2 Nd5 11.Bd2 a6 12.Be2 Qb6 13.O-O Nb3 14.Ra3 Nxd2 15.Nbxd2 Nf4
16.Nc4 Nxe2+ 17.Qxe2 Qd8 18.Nd6+ exd6 19.exd6+ Kf8 20.Re1 Bf6 21.Ne5 Kg7
22.Nxf7 Kxf7 23.Qc4+ Kg7 24.Rae3 Rf8 25.Re7+ Kh8 26.Qd5 Rb8 27.Rf7 Re8 28.Rxh7+ Kxh7
29.Qf7+ Bg7 30.Rxe8 Qf6 31.Qg8+ Kh6 32.Re3 Qxd4 33.Rh3+ Kg5 34.Rg3+ Kf6 35.Rf3+ Ke5
36.Qxg7+ Kd5 37.Qg8+ Kxd6 38.Qxg6+ Kc5 39.Rd3 Qe5 40.Rc3+ Kd5 41.Rd3+ Kc5
42.Rc3+ Kd5 43.Qg8+ Kd6 44.Qf8+ Ke6 45.Re3 Qxe3 46.fxe3 b5 47.a5 Ra8 48.Qg8+ Kd6
49.Qg6+ Ke5 50.Qg3+ Ke6 51.Qg4+ Kd6 52.Qf4+ Kc6 53.Qf3+ d5 54.Qf6+ Kc5 55.Qb6+ Kb4
56.Qc6  1-0

[Event "TCh-FIN 2003-4"]
[Site "Finland FIN"]
[Date "2003.09.20"]
[Round "1"]
[White "Ristoja,T"]
[Black "Nokso Koivisto,An"]
[Result "1-0"]
[WhiteElo "2219"]
[BlackElo "2239"]

1.e4 c5 2.Nf3 Nc6 3.Bb5 d6 4.O-O Bd7 5.Re1 Nf6 6.c3 a6 7.Bf1 Bg4 8.h3 Bxf3
9.Qxf3 g6 10.d3 Bg7 11.Nd2 O-O 12.g3 b5 13.Bg2 Rc8 14.Qe2 e5 15.Nf1 d5 16.exd5 Nxd5
17.Ne3 Nf6 18.a4 Qb6 19.axb5 axb5 20.Ng4 Nxg4 21.hxg4 Rfe8 22.Qe4 Ne7 23.Be3 Qc7
24.Ra6 f5 25.gxf5 gxf5 26.Qh4 Qd7 27.Bg5 Ng6 28.Qh5 Rc7 29.Rea1 Qf7 30.Ra8 Rxa8
31.Rxa8+ Nf8 32.Qh4 c4 33.Rd8 Rd7 34.Rxd7 Nxd7 35.dxc4 bxc4 36.Be3 Nf6 37.Bf1 e4
38.Bd4 Kf8 39.Qg5 Ng4 40.Qd8+ Qe8 41.Bxg7+  1-0

[Event "Osen I"]
[Site "Alushta UKR"]
[Date "2003.09.21"]
[Round "8"]
[White "Kovalev,A"]
[Black "Kononenko,Dmitry1"]
[Result "1-0"]
[WhiteElo "2554"]
[BlackElo "2449"]

1.e4 c5 2.Nf3 Nc6 3.Bb5 d6 4.c3 Bd7 5.d4 a6 6.Be2 cxd4 7.cxd4 e5 8.d5 Nce7
9.O-O f5 10.Nc3 Nf6 11.Ng5 fxe4 12.Ngxe4 Nxe4 13.Nxe4 Nf5 14.f4 exf4 15.Bxf4 Qb6+
16.Kh1 Be7 17.Qd2 O-O 18.Rae1 Rae8 19.Bh5 g6 20.Bg4 Bc8 21.Bxf5 Bxf5 22.Bh6 Rf7
23.Ng5 Rf6 24.g4 Bd7 25.Ne4 Rxf1+ 26.Rxf1 Qb5 27.Rf2 Rc8 28.Qd4  1-0

[Event "zt 2.5"]
[Site "Asuncion PAR"]
[Date "2003.09.21"]
[Round "7"]
[White "Lipiniks,L"]
[Black "Llorens,M"]
[Result "0-1"]
[WhiteElo "2129"]
[BlackElo "2374"]

1.e4 c5 2.Nf3 Nc6 3.Bb5 g6 4.O-O Bg7 5.Re1 e5 6.Bxc6 dxc6 7.c4 Qe7 8.d3 Bg4
9.h3 Bxf3 10.Qxf3 Nf6 11.Nc3 Nd7 12.Ne2 Nf8 13.a3 Ne6 14.Bd2 a5 15.Reb1 O-O
16.g4 Rfd8 17.Bc3 Rd7 18.b3 b6 19.Ra2 Rad8 20.Rd1 Rd6 21.b4 axb4 22.axb4 cxb4
23.Bxb4 c5 24.Bc3 Qd7 25.Rad2 b5 26.cxb5 Qxb5 27.Kg2 Qb3 28.h4 f6 29.Qe3 Bf8
30.Rc1 Qb5 31.Rcd1 R8d7 32.g5 Bg7 33.Qh3 fxg5 34.hxg5 Nxg5 35.Qe3 Ne6 36.Rb2 Qc6
37.Rb8+ Rd8 38.Rdb1 Qe8 39.Rxd8 Qxd8 40.Qh3 Ng5 41.Qh4 Rxd3 42.Rb7 Qf6 43.f4 Nxe4
44.Rb8+ Bf8 45.Qxf6 Nxf6 46.fxe5 Nd5 47.e6 Re3  0-1

[Event "EYb14"]
[Site "Budva YUG"]
[Date "2003.09.21"]
[Round "8"]
[White "Nestorovic,DN"]
[Black "Dragicevic,Draz"]
[Result "1-0"]
[WhiteElo "2142"]
[BlackElo "2052"]

1.e4 c5 2.Nf3 Nc6 3.Bb5 g6 4.Bxc6 dxc6 5.d3 Bg7 6.h3 Nf6 7.Be3 b6 8.Nc3 Nd7
9.Qd2 e5 10.O-O O-O 11.Bh6 Re8 12.Bxg7 Kxg7 13.Nh2 Nf8 14.f4 exf4 15.Rxf4 Ne6
16.Rf2 Nd4 17.Raf1 Qe7 18.Ne2 f5 19.Ng3 fxe4 20.dxe4 Ba6 21.Re1 Rad8 22.Qe3 Rf8
23.c3 Rxf2 24.Qxf2 Rf8 25.Qd2 Ne6 26.Ng4 Nf4 27.c4 h5 28.Qc3+ Kh7 29.Nf2 Qg5
30.e5 Qe7 31.Nge4 Ne6 32.Nf6+ Kg7 33.b3 Nd4 34.Qg3 Nf5 35.Qg5 Rxf6 36.exf6+ Qxf6
37.Qf4 Qc3 38.Re2 Qa1+ 39.Kh2 Qd4 40.Re4 Qc3 41.g4 hxg4 42.hxg4  1-0

[Event "zt 2.5"]
[Site "Asuncion PAR"]
[Date "2003.09.22"]
[Round "8"]
[White "Campora,D"]
[Black "Felgaer,R"]
[Result "1/2-1/2"]
[WhiteElo "2510"]
[BlackElo "2551"]

1.e4 c5 2.Nf3 Nc6 3.Bb5 e6 4.O-O Nge7 5.c4 Ng6 6.d3 Be7 7.Nc3 O-O 8.Re1 e5
9.a3 a5 10.Bd2 d6 11.h3 f5 12.exf5 Bxf5 13.Ne4 h6 14.Bxc6 bxc6 15.Be3 Qc7
16.Ng3 Be6  1/2-1/2

[Event "ch-HUN w"]
[Site "Budapest HUN"]
[Date "2003.09.22"]
[Round "2"]
[White "Rudolf,A"]
[Black "Lakos,N"]
[Result "1/2-1/2"]
[WhiteElo "2222"]
[BlackElo "2372"]

1.e4 c5 2.Nf3 Nc6 3.Bb5 e6 4.Bxc6 bxc6 5.d3 Ne7 6.Qe2 Ng6 7.h4 h5 8.e5 Qa5+
9.Bd2 Qa4 10.b3 Qg4 11.Kf1 f6 12.exf6 gxf6 13.c4 Rg8 14.g3 Kf7 15.Nc3 Ne7
16.Ne4 Nf5 17.Bc3 Be7 18.Kg2 Qg6 19.Rae1 d6 20.Rhg1 e5 21.Kh1 Kf8 22.Nh2 Nh6
23.Bd2 Ng4 24.f4 d5 25.Nc3 Qxd3 26.fxe5 Qxe2 27.Rxe2 Nxe5 28.Bf4 Nd3 29.Bh6+ Kf7
30.Re3 Ne5 31.Re2 dxc4 32.Rf1 Ng4 33.Nxg4 Bxg4 34.Ref2 cxb3 35.axb3 Bh3 36.Rg1 Be6
37.Kh2 Rg6 38.Be3 Bxb3 39.Ne4 Bd5 40.Nxc5 Bd6 41.Nd3 Be4 42.Nf4 Bxf4 43.Rxf4 f5
44.Ra1 a6 45.Rf2 Rd6 46.Rb2 Rd7 47.Kg1 Bd5 48.Ra5 Be4 49.Rb6 Rd1+ 50.Kf2 Rh1
51.Bg5 Rh2+ 52.Ke3 Rc2 53.Kd4 Ra7 54.Rbxa6 Rd7+ 55.Ke5 Re2 56.Ra7 Bd3+ 57.Kf4 Re4+
58.Kf3 Rxa7 59.Rxa7+ Kg6 60.Rc7 Be2+ 61.Kf2 Bb5 62.Kf3 Be2+ 63.Kf2 Re6 64.Re7 Rxe7
65.Bxe7 Kf7 66.Bc5 Bg4 67.Ke3 Ke6 68.Kd4 Bf3 69.Ba7 Kd6 70.Bb8+ Kd7 71.Be5 Ke6
72.Bf4  1/2-1/2

[Event "EYb18"]
[Site "Budva YUG"]
[Date "2003.09.22"]
[Round "9"]
[White "Manescu,T"]
[Black "Gogin,R"]
[Result "1-0"]
[WhiteElo "2354"]
[BlackElo "2100"]

1.e4 c5 2.Nf3 Nc6 3.Bb5 d6 4.Bxc6+ bxc6 5.O-O Bg4 6.h3 Bxf3 7.Qxf3 e5 8.d3 g6
9.Na3 Bg7 10.Nc4 h6 11.Bd2 Ne7 12.Qg3 O-O 13.Rae1 g5 14.h4 f5 15.hxg5 f4
16.Qg4 hxg5 17.Qe6+ Kh7 18.Ba5 Qe8 19.Qxd6 Qh5 20.Qxe7 f3 21.Re3 Qg4 22.Rxf3 Rxf3
23.Nxe5  1-0

[Event "EYb16"]
[Site "Budva YUG"]
[Date "2003.09.22"]
[Round "9"]
[White "Ponkratov,P"]
[Black "Rakitskij,D"]
[Result "1-0"]
[WhiteElo "2296"]
[BlackElo "2183"]

1.e4 c5 2.Nf3 Nc6 3.Bb5 g6 4.Bxc6 bxc6 5.e5 Bg7 6.O-O d5 7.Re1 Nh6 8.d3 O-O
9.h3 Rb8 10.b3 f5 11.Ba3 Qb6 12.Nc3 Nf7 13.Na4 Qc7 14.Qe2 g5 15.e6 Nd8 16.Nxg5 h6
17.Nf3 Nxe6 18.Rad1 Qa5 19.c4 Rb7 20.Qd2 Qxd2 21.Nxd2 Bd4 22.Nf3 Kg7 23.Nxd4 cxd4
24.Rxe6 Bxe6 25.Nc5 Bc8 26.Nxb7 Bxb7 27.Bxe7 Re8 28.Bc5 Re2 29.a4 Kf7 30.Bxd4 a6
31.cxd5 c5 32.Bxc5 Bxd5 33.b4 Bb3 34.Ra1 Rd2 35.b5 axb5 36.axb5 Rxd3 37.Ra7+ Kg6
38.b6 Bd5 39.Rd7  1-0

[Event "CXIII ch-ARM"]
[Site "Yerevan ARM"]
[Date "2003.09.22"]
[Round "7"]
[White "Minasian,Art"]
[Black "Mkrtchian,L"]
[Result "1-0"]
[WhiteElo "2571"]
[BlackElo "2413"]

1.Nf3 c5 2.e4 Nc6 3.Bb5 d6 4.O-O Bd7 5.Re1 Nf6 6.c3 a6 7.Bf1 Bg4 8.h3 Bxf3
9.Qxf3 g6 10.Na3 Bg7 11.Nc2 Nd7 12.Qd1 Qb6 13.Rb1 O-O 14.b3 e6 15.Ba3 Rfd8
16.b4 cxb4 17.Nxb4 Qc7 18.Nxc6 Qxc6 19.Qb3 Rab8 20.d4 b5 21.d5 exd5 22.exd5 Qc7
23.Rbc1 h5 24.Qb4 Nb6 25.c4 bxc4 26.Bxc4 Qa7 27.Bb3 a5 28.Qe4 a4 29.Bd1 Qd7
30.Bf3 Re8 31.Qf4 Re5 32.Qb4 Rxe1+ 33.Rxe1 Be5 34.Rc1 Qd8 35.Qe4 Ra8 36.Rc6 Nc8
37.Rc4 Nb6 38.Rc6 Nc8 39.Qc2 Ne7 40.Rc4 Qe8 41.Be4 Kg7 42.Qc1 Rc8 43.h4 Qd7
44.g3 Rxc4 45.Qxc4 Qg4 46.Qd3 Nf5 47.Bf3 Qd4 48.Qxd4 Nxd4 49.Bd1 Nb5 50.Bb4 a3
51.Bb3 Bc3 52.Bxc3+ Nxc3 53.f4 Kf6 54.Kf2 Ne4+ 55.Kg2 Nd2 56.Ba4 Nc4 57.Kf3 Nb6
58.Bb3 Kf5 59.Bc2+ Kf6 60.Ke4 Nc4 61.Bd3 Nb2 62.Bc2 Nc4 63.Bd3 Nb2 64.Be2 Na4
65.Kd4 Kf5 66.Bf3 Nb6 67.Kc3 f6 68.Kb4 g5 69.fxg5 fxg5 70.hxg5 Kxg5 71.Kxa3 Nc4+
72.Kb4 Nd2 73.Bh1 Kf6 74.a4 Ke7 75.Bg2 Kd7 76.Kc3 Nb1+ 77.Kd3 Ke7 78.Bf1  1-0

[Event "Osen I"]
[Site "Alushta UKR"]
[Date "2003.09.23"]
[Round "10"]
[White "Zavgorodniy,S"]
[Black "Sumets,A"]
[Result "1/2-1/2"]
[WhiteElo "2409"]
[BlackElo "2473"]

1.e4 c5 2.Nf3 Nc6 3.Bb5 g6 4.Bxc6 dxc6 5.d3 Nf6 6.h3 Bg7 7.Nc3 O-O 8.Be3 Nd7
9.Qd2 e5 10.O-O Qe7 11.Bh6 Rd8 12.Bxg7 Kxg7 13.Ne2 Nf8 14.b3 f6 15.Nh2 Ne6
16.f4 exf4 17.Nxf4 Qd6 18.Kh1 Nxf4 19.Rxf4 Be6 20.Raf1 Rf8 21.Nf3 Rae8 22.Nh4 b6
23.Nf3 a5 24.Rf2 Qd8 25.Qc3 h6 26.Ne5 fxe5 27.Qxe5+ Kh7 28.Rxf8 Rxf8 29.Rxf8 Qxf8
30.Qxe6 Qf1+ 31.Kh2 Qf4+ 32.Kg1 Qc1+ 33.Kh2 Qxc2 34.Qf7+ Kh8 35.Qxg6 Qxd3
36.Qxh6+ Kg8 37.Qxc6  1/2-1/2

[Event "zt 2.5"]
[Site "Asuncion PAR"]
[Date "2003.09.23"]
[Round "9"]
[White "Crosa,M"]
[Black "Peralta,E"]
[Result "1-0"]
[WhiteElo "2412"]
[BlackElo "2279"]

1.e4 c5 2.Nf3 Nc6 3.Bb5 g6 4.O-O Bg7 5.Re1 Nf6 6.e5 Nd5 7.Bxc6 bxc6 8.c4 Nc7
9.d4 cxd4 10.Qxd4 O-O 11.Qh4 Ne6 12.Nc3 f5 13.Bh6 Bxh6 14.Qxh6 Rf7 15.Qd2 Qf8
16.Rad1 Rb8 17.b3 f4 18.Ne4 Rf5 19.Qa5 a6 20.Nd4 Nxd4 21.Rxd4 f3 22.g4 Rf4
23.Nf6+  1-0

[Event "Saipa Cup"]
[Site "Tehran IRI"]
[Date "2003.09.23"]
[Round "11"]
[White "Minasian,Ara"]
[Black "Ghorbani,M"]
[Result "1-0"]
[WhiteElo "2473"]
[BlackElo "2353"]

1.e4 c5 2.Nf3 Nc6 3.Bb5 g6 4.Bxc6 bxc6 5.O-O Bg7 6.Re1 Nh6 7.c3 O-O 8.d4 cxd4
9.cxd4 d6 10.h3 f6 11.b3 Nf7 12.Bb2 Qc7 13.Nc3 Bd7 14.Rc1 Qb7 15.e5 fxe5
16.dxe5 Nxe5 17.Nxe5 Bxe5 18.Rxe5 dxe5 19.Na4 Qc7 20.Qe2 Rf5 21.g4 Rf7 22.Bxe5 Qa5
23.Nc5 Bc8 24.Ba1 Qc7 25.Qb2 e5 26.Re1 Re7 27.b4 h5 28.Qd2 hxg4 29.Qg5 gxh3
30.Bxe5 h2+ 31.Kh1 Rxe5 32.Rxe5 Qd6 33.Ne4 Qd1+ 34.Kxh2 Qh5+ 35.Qxh5 gxh5
36.Re8+ Kg7 37.Nd6 Rb8 38.Rxc8 Rxb4 39.Rc7+ Kf6 40.Rxc6 Ra4 41.Nc4+ Kf5 42.a3 Kf4
43.Kg2 Ke4 44.Rc5 Kd4 45.Rxh5 Kxc4 46.Rh4+ Kb5 47.Rxa4 Kxa4 48.f4 Kb5 49.Kf3 Kc6
50.Ke4 Kd7 51.Kf5 Ke7 52.Kg6 Kf8 53.Kf6 a6 54.a4  1-0

[Event "ch-HUN w"]
[Site "Budapest HUN"]
[Date "2003.09.24"]
[Round "4"]
[White "Rudolf,A"]
[Black "Dembo,Y"]
[Result "0-1"]
[WhiteElo "2222"]
[BlackElo "2390"]

1.e4 c5 2.Nf3 Nc6 3.Bb5 e6 4.Bxc6 bxc6 5.d3 Ne7 6.Qe2 Qc7 7.O-O Ng6 8.h4 h5
9.e5 Be7 10.Qe4 Rb8 11.Na3 d5 12.exd6 Qxd6 13.g3 Qd5 14.Re1 Bf6 15.Nc4 Ba6
16.Rb1 O-O 17.b3 Rbe8 18.Ba3 Bc3 19.Ncd2 f5 20.Qxd5 cxd5 21.Bxc5 Rf7 22.d4 f4
23.Rbd1 e5 24.dxe5 Bc8 25.Ng5 Rc7 26.Bd6 Rc6 27.Ba3 fxg3 28.f3 Nxh4 29.Re2 Bd4+
30.Kh1 Rxc2 31.e6 Ba6 32.Ree1 g2+  0-1

[Event "ch-IRI"]
[Site "Mashad IRI"]
[Date "2003.09.24"]
[Round "1"]
[White "Soozankar,A"]
[Black "Niknaddaf,A"]
[Result "0-1"]
[WhiteElo "2111"]
[BlackElo "2324"]

1.e4 c5 2.Nf3 Nc6 3.Bb5 g6 4.Bxc6 dxc6 5.h3 Bg7 6.O-O Nf6 7.Re1 O-O 8.d3 Ne8
9.Nc3 Nc7 10.Be3 Ne6 11.Rb1 Nd4 12.Bxd4 cxd4 13.Ne2 b6 14.c3 dxc3 15.bxc3 c5
16.d4 cxd4 17.cxd4 e6 18.Qb3 Bb7 19.Nf4 Rc8 20.Rbd1 Qc7 21.Nd3 Qc2 22.Qa3 Bh6
23.Qe7 Bxe4 24.Nb4 Qa4 25.Ne5 a5 26.Qh4 Bg7 27.Qxe4 Qxb4 28.Nc6 Qd6 29.d5 Bf6
30.Na7 Rce8 31.dxe6 Qxe6 32.Qxe6 Rxe6 33.Rxe6 fxe6 34.Rd6 Be5 35.Rxe6 Bd4
36.Re2 Bc5 37.g3 a4 38.Nb5 Rf3 39.Kg2 Rd3 40.Rc2 Kf7 41.Nc3 Rd4 42.Ne2 Rb4
43.f4 a3 44.Kf3 Ke6 45.Nc3 Bd4 46.Ne2 Bc5 47.Nc3 Rc4 48.Ke2 Kf5 49.Kd3 Rd4+
50.Ke2 h5 51.Nd1 h4 52.gxh4 Kxf4 53.Nf2 Kg3 54.Nd3 Re4+ 55.Kd2 Be3+ 56.Kc3 Kxh4
57.Kb3 Kxh3 58.Kxa3 g5 59.Kb3 g4 60.Re2 g3 61.Ne1 Re7 62.Ng2 Bc5 63.Rxe7 Bxe7
64.Ne1 Bg5 65.Kc2 Be3 66.Kd3 Bf2 67.Nf3 g2 68.Ng5+ Kg4  0-1

[Event "ch-IRI"]
[Site "Mashad IRI"]
[Date "2003.09.25"]
[Round "3"]
[White "Mohammadi,H"]
[Black "Niknaddaf,A"]
[Result "1-0"]
[WhiteElo "2267"]
[BlackElo "2324"]

1.e4 c5 2.Nf3 Nc6 3.Bb5 g6 4.Bxc6 dxc6 5.d3 Bg7 6.h3 Nf6 7.Be3 Nd7 8.Nc3 e5
9.Qd2 Qe7 10.Bh6 f6 11.O-O-O Nf8 12.g4 Ne6 13.Ne2 Bd7 14.Bxg7 Qxg7 15.Qe3 O-O-O
16.Nd2 h5 17.f4 hxg4 18.hxg4 b6 19.fxe5 fxe5 20.Nc4 g5 21.Nd6+ Kc7 22.Nf5 Qf6
23.Rhf1 Nf4 24.Nxf4 gxf4 25.Rxf4 Qg5 26.Rf3 Qxg4 27.Rg1 Qh5 28.Ng7 Qh2 29.Rf7 Kb8
30.Rgf1 Qg2 31.Qf2 Qg5+ 32.Kb1 c4 33.dxc4 Bh3 34.Rg1 Rd2 35.Qe1 Bg4 36.a3 Rhh2
37.Qc1 Qg6 38.Rf8+ Kb7 39.Nf5 Rxc2 40.Qxc2 Rxc2 41.Kxc2 Bd1+ 42.Rxd1 Qg2+
43.Kc1 Ka6 44.Nd6 Ka5 45.Rd2 Qh1+ 46.Kc2 b5 47.cxb5 cxb5 48.Rb8 a6 49.Nc4+  1-0

[Event "1st ch-Mediterranean"]
[Site "Beruit LIB"]
[Date "2003.09.26"]
[Round "1"]
[White "Eid,Fa"]
[Black "Bengherabi,K"]
[Result "1/2-1/2"]
[WhiteElo "2398"]
[BlackElo "2170"]

1.e4 c5 2.Nf3 Nc6 3.Bb5 g6 4.O-O Bg7 5.Re1 Nf6 6.e5 Nd5 7.Nc3 Nxc3 8.dxc3 O-O
9.a4 Qc7 10.Bf4 a6 11.Bf1 Nd8 12.Bg3 Ne6 13.a5 b5 14.axb6 Qxb6 15.b3 Qc6
16.Qd2 Bb7 17.Rad1 Rad8 18.Bc4 Qc7 19.Qe2 Qa5 20.Qe3 Qc7 21.h4 Rfe8 22.h5 d5
23.exd6 exd6 24.hxg6 hxg6 25.Qd3 Qc8 26.Bxe6 Rxe6 27.Rxe6 Qxe6 28.Bh4 Bxf3
29.Qxf3 Re8 30.Qd3 Qg4 31.Bg3 Bxc3 32.Qxd6 Bd4 33.Rf1 Re6 34.Qb8+ Kg7 35.c3 Bxc3
36.Bd6 Qf5 37.Qf8+ Kh7 38.Bxc5 Bg7 39.Qc8 Be5 40.Qd7  1/2-1/2

[Event "1st ch-Mediterranean"]
[Site "Beruit LIB"]
[Date "2003.09.26"]
[Round "1"]
[White "Kassis,A"]
[Black "Sebenik,M"]
[Result "0-1"]
[WhiteElo "2206"]
[BlackElo "2425"]

1.e4 c5 2.Nf3 Nc6 3.Bb5 g6 4.Bxc6 dxc6 5.O-O Bg7 6.h3 Nf6 7.d3 Nd7 8.Nc3 e5
9.Be3 Qe7 10.Qd2 h6 11.Nh2 Nf8 12.Ne2 Be6 13.Qc3 Nd7 14.f4 f5 15.fxe5 fxe4
16.dxe4 Bxe5 17.Qa3 Qg7 18.c3 g5 19.Ng4 Bxg4 20.hxg4 h5 21.Qb3 O-O-O 22.Qf7 Bh2+
23.Kxh2 hxg4+ 24.Kg1 Qh6 25.Bxc5 Nxc5 26.Qf5+ Nd7 27.Qxg4 Qh1+  0-1

[Event "2nd League TCh-SCG"]
[Site "Belgrade SCG"]
[Date "2003.09.27"]
[Round "1"]
[White "Gruic,L"]
[Black "Djokic,Nen"]
[Result "1/2-1/2"]
[WhiteElo "2333"]
[BlackElo "2289"]

1.e4 c5 2.Nf3 Nc6 3.Bb5 e6 4.Bxc6 bxc6 5.d3 Ne7 6.h4 h5 7.Nbd2 Ng6 8.Nc4 Qc7
9.Bd2 d5 10.Ne3 Be7 11.g3 d4 12.Nc4 e5 13.Ba5 Qb8 14.Nfd2 Bg4 15.f3 Be6 16.Qe2 Nf8
17.Nb3 Nd7 18.Bd2 Nb6 19.Nca5 Qc8 20.c3 dxc3 21.Bxc3 f6 22.Bd2 Na4 23.Be3 Qa6
24.O-O Rd8 25.Rfd1 O-O 26.Nc4 Rd7 27.Qc2 Bxc4 28.dxc4 Rfd8 29.Rxd7 Rxd7 30.Nc1 Nb6
31.b3 Qa5 32.Nd3 Na8 33.Rd1 Nc7 34.Nf2 Rxd1+ 35.Qxd1 Ne6 36.Qd2 Qxd2 37.Bxd2 Nd4
38.Kg2 Kf7 39.Nd3 g6 40.Kf2 Ke6 41.Ba5 Bd6 42.Bc3 f5 43.Bb2 Nc2 44.Bc3 Nb4
45.Bxb4 cxb4 46.Ke3 a5 47.g4 fxg4 48.fxg4 Be7 49.g5 Kd6 50.Kf3 Bd8 51.Kg3 Bb6
52.Kf3 Bd4 53.Kg3  1/2-1/2

[Event "1st ch-Mediterranean"]
[Site "Beruit LIB"]
[Date "2003.09.27"]
[Round "2"]
[White "Kapnisis,S"]
[Black "Tissir,M"]
[Result "1-0"]
[WhiteElo "2392"]
[BlackElo "2346"]

1.e4 c5 2.Nf3 Nc6 3.Bb5 e6 4.Bxc6 bxc6 5.d3 Ne7 6.Qe2 Ng6 7.h4 h5 8.e5 f6
9.Qe4 f5 10.Qe2 Be7 11.g3 c4 12.dxc4 c5 13.b3 d6 14.Bb2 Bb7 15.exd6 Qxd6
16.Nbd2 e5 17.O-O-O Qe6 18.Rhe1 e4 19.Ng5 Bxg5 20.hxg5 h4 21.Bxg7 Rh7 22.Bf6 h3
23.Nf1 h2 24.Ne3 Kf8 25.Nd5 Re8 26.Qe3 Qc8 27.Bb2 Bxd5 28.cxd5 Kg8 29.f4 Rh3
30.Rh1 Qd7 31.Rd2 Rd8 32.c4 Qh7 33.Qc3 Re8 34.Rdxh2  1-0

[Event "ch-IRI"]
[Site "Mashad IRI"]
[Date "2003.09.27"]
[Round "5"]
[White "Mohammadi,H"]
[Black "Abbasifar,H"]
[Result "1/2-1/2"]
[WhiteElo "2267"]
[BlackElo "2333"]

1.e4 c5 2.Nf3 Nc6 3.Bb5 g6 4.O-O Bg7 5.Re1 Nf6 6.c3 O-O 7.h3 d5 8.e5 Ne8
9.d4 Qb6 10.Bf1 cxd4 11.cxd4 Bf5 12.Nc3 Rd8 13.Bd3 Bxd3 14.Qxd3 Nc7 15.Be3 Ne6
16.Na4 Qa5 17.b3 b5 18.Bd2 Qc7 19.Nc3 a6 20.Rac1 Qb6 21.Be3 Rd7 22.a4 b4
23.Ne2 Rc7 24.Nf4 Nxf4 25.Bxf4 e6 26.Re2 Rfc8 27.Rec2 Bf8 28.Kf1 Na5 29.Bd2 Rc6
30.h4 h6 31.Rxc6 Rxc6 32.Rxc6 Nxc6 33.Ke2 h5 34.Kd1 Ne7 35.Qc2 Qb7 36.Be3 Nf5
37.g3 Kh7 38.Ng5+ Kg8 39.Nf3 Kh7 40.Ng5+ Kg8  1/2-1/2

[Event "Tatry Open"]
[Site "Tatranske Zruby SVK"]
[Date "2003.09.27"]
[Round "1"]
[White "Karnik,P"]
[Black "Kopnicky,F"]
[Result "1-0"]
[WhiteElo "2392"]
[BlackElo "2051"]

1.e4 c5 2.Nf3 Nc6 3.Bb5 g6 4.O-O Bg7 5.c3 e6 6.d4 cxd4 7.cxd4 Qb6 8.Bxc6 bxc6
9.Nc3 Ne7 10.b3 O-O 11.Ba3 Re8 12.Bc5 Qd8 13.e5 Ba6 14.Re1 Nc8 15.Ne4 f6
16.exf6 Bxf6 17.Nxf6+ Qxf6 18.Qd2 d6 19.Ba3 Bb7 20.Ng5 e5 21.dxe5 Rxe5 22.Rxe5 Qxe5
23.Re1 Qd5 24.Re8+ Kg7 25.Bb2+  1-0

[Event "Osen II"]
[Site "Alushta UKR"]
[Date "2003.09.28"]
[Round "2"]
[White "Kovalev,A"]
[Black "Krivoshey,S"]
[Result "1/2-1/2"]
[WhiteElo "2554"]
[BlackElo "2507"]

1.e4 c5 2.Nf3 Nc6 3.Bb5 d6 4.O-O Bd7 5.Re1 a6 6.Bxc6 Bxc6 7.d4 cxd4 8.Nxd4 Nf6
9.Nxc6 bxc6 10.Qf3 Rc8 11.b3 g6 12.Bb2 Bg7 13.e5 dxe5 14.Bxe5 O-O 15.Na3 Qd5
16.Qe2 Qc5 17.Nc4 Rfd8 18.c3 Nd5 19.b4 Qa7 20.Rac1 c5 21.Bxg7 Kxg7 22.Ne5 cxb4  1/2-1/2

[Event "ECC Women"]
[Site "Rethymnon GRE"]
[Date "2003.09.28"]
[Round "1"]
[White "Klinova,M"]
[Black "Galliamova,A"]
[Result "0-1"]
[WhiteElo "2388"]
[BlackElo "2502"]

1.e4 c5 2.Nf3 Nc6 3.Bb5 d6 4.Bxc6+ bxc6 5.O-O Bg4 6.c3 Nf6 7.Re1 Nd7 8.d4 e6
9.h3 Bh5 10.Be3 cxd4 11.cxd4 Be7 12.Nbd2 O-O 13.Rc1 Rb8 14.Rxc6 Rxb2 15.Qa4 d5
16.exd5 Nb6 17.Qxa7 Nxd5 18.Nc4 Rb8 19.Nfe5 Ra8 20.Qb7 Rxa2 21.Nd7 Qa8 22.Qxa8 Rfxa8
23.Ncb6 Nxb6 24.Nxb6 Rd8 25.Rec1 h6 26.Nc4 Bg6 27.Ne5 Be4 28.Rc8 Ra8 29.Rxd8+ Bxd8
30.Nc6 Bf6 31.Ne5 Bd8 32.Nc6 Bb6 33.Ne7+ Kf8 34.Nc8 Bd8 35.Bd2 Bf6 36.Bb4+ Kg8
37.Nd6 Bd5 38.Bc5 Ra2 39.Rb1 Ra8 40.Nb5 Bc6 41.Nd6 Rd8 42.Rb6 Bd5 43.Rb4 h5
44.Nb5 Rb8 45.Rb1 Be4 46.Rb4 Bd3 47.Nc3 Rxb4 48.Bxb4 Bxd4 49.Nd1 g5 50.Bd2 f6
51.Bc3 e5 52.g3 Be2 53.Bxd4 exd4 54.Nb2 g4 55.hxg4 hxg4 56.f4 gxf3 57.Kf2 Kf7
58.Na4 d3 59.Ke3 d2  0-1

[Event "ECC Women"]
[Site "Rethymnon GRE"]
[Date "2003.09.28"]
[Round "1"]
[White "Skripchenko,A"]
[Black "Peng Zhaoqin"]
[Result "1-0"]
[WhiteElo "2489"]
[BlackElo "2438"]

1.e4 c5 2.Nf3 Nc6 3.Bb5 e6 4.O-O Nge7 5.b3 Ng6 6.Bb2 f6 7.Re1 Be7 8.c3 a6
9.Bf1 O-O 10.d4 d5 11.Nbd2 cxd4 12.cxd4 Bd7 13.a3 Bd6 14.b4 Nce7 15.exd5 exd5
16.Qb3 Kh8 17.Nb1 Rc8 18.Nc3 Bg4 19.Na4 Rc6 20.Nc5 Bb8 21.h3 Bc8 22.a4 Rd6
23.Ba3 Rf7 24.Rac1 Ng8 25.Rc3 Re7 26.Rec1 Rc7 27.b5 a5 28.b6 Rcc6 29.Bb5 Rxb6
30.Na6 bxa6 31.Rxc8 axb5 32.Rxd8 Rxd8 33.axb5 Bf4 34.Rb1 N8e7 35.Bc5 Re6
36.g3 Bb8 37.Qa3 Nf5 38.Re1 Re4 39.Qxa5 Rde8 40.b6 h5 41.Bb4 Rxe1+ 42.Bxe1  1-0

[Event "ECC"]
[Site "Rethymnon GRE"]
[Date "2003.09.28"]
[Round "1"]
[White "Vydeslaver,Ali"]
[Black "Saastamoinen,A"]
[Result "1-0"]
[WhiteElo "2449"]
[BlackElo "2170"]

1.e4 c5 2.Nf3 Nc6 3.Bb5 g6 4.Bxc6 dxc6 5.d3 Bg7 6.h3 Nf6 7.Nc3 Nd7 8.Be3 b6
9.Qd2 h6 10.O-O-O Nf8 11.d4 cxd4 12.Bxd4 Bxd4 13.Nxd4 Bb7 14.Qf4 Qc8 15.Rd2 g5
16.Qe3 Qc7 17.Nf5 Ne6 18.Rhd1 Bc8 19.g3 b5 20.e5 Qb6 21.Qf3 Rb8 22.Nxe7 Kxe7  1-0

[Event "ECC Women"]
[Site "Rethymnon GRE"]
[Date "2003.09.28"]
[Round "1"]
[White "Stiri,A"]
[Black "Javakhishvili,L"]
[Result "0-1"]
[WhiteElo "2172"]
[BlackElo "2393"]

1.e4 c5 2.Nf3 Nc6 3.Bb5 e6 4.b3 Nge7 5.Bb2 Ng6 6.O-O f6 7.d4 cxd4 8.Nxd4 Qc7
9.Nd2 a6 10.Bxc6 bxc6 11.c4 Bd6 12.Qh5 O-O 13.Rad1 Nf4 14.Qh4 g5 15.Qh6 Rf7
16.Nb5 axb5 17.Bxf6 Ng6 18.Bxg5 Rxa2 19.cxb5 Bf8 20.Qh5 cxb5 21.Rc1 Rc2 22.Nf3 Bb7
23.Bd8 Qc5 24.Qxc5 Rxc5 25.Ng5 Rxc1 26.Rxc1 Bh6 27.Nxf7 Bxc1 28.Nd6 Bc6 29.f3 Be3+
30.Kf1 Bf4  0-1

[Event "ECC Women"]
[Site "Rethymnon GRE"]
[Date "2003.09.28"]
[Round "1"]
[White "Kovalevskaya,E"]
[Black "Johansson,V"]
[Result "1-0"]
[WhiteElo "2443"]
[BlackElo "2167"]

1.e4 c5 2.Nf3 Nc6 3.Bb5 d6 4.O-O Bd7 5.Re1 a6 6.Bxc6 Bxc6 7.d4 cxd4 8.Nxd4 Nf6
9.Qf3 Rc8 10.Nc3 g6 11.Nxc6 Rxc6 12.Bg5 Bg7 13.Rad1 Nd7 14.Nd5 f6 15.Bf4 O-O
16.Qb3 Kh8 17.Qxb7 Rxc2 18.Be3 Re8 19.Rc1 Nc5 20.Bxc5 Rxc5 21.b4 Rc8 22.Qxa6 Ra8
23.Qe2 Ra7 24.b5 e6 25.b6 Rb7 26.Nc7 Re7 27.Qa6 Qb8 28.Rc6 Bh6 29.Rd1 f5
30.Rcxd6 Kg7 31.Rd8 Qxd8 32.Rxd8 Rexc7 33.bxc7  1-0

[Event "ECC Women"]
[Site "Rethymnon GRE"]
[Date "2003.09.28"]
[Round "1"]
[White "Horn,E"]
[Black "Kochetkova,J"]
[Result "1-0"]
[WhiteElo "2012"]
[BlackElo "2293"]

1.e4 c5 2.Nf3 Nc6 3.Bb5 e6 4.Bxc6 bxc6 5.d3 Ne7 6.Nc3 Ng6 7.h4 Be7 8.h5 Nh4
9.Nxh4 Bxh4 10.Be3 d6 11.e5 dxe5 12.Qg4 Bf6 13.Bxc5 Rb8 14.Rb1 Rb7 15.Rh3 e4
16.Nxe4 Bxb2 17.Rxb2 Rxb2 18.Qxg7 Qa5+ 19.Kd1 Qxa2 20.Qxh8+ Kd7 21.Qd4+  1-0

[Event "7th Itau Cup"]
[Site "Sao Paulo BRA"]
[Date "2003.09.29"]
[Round "3"]
[White "Diamant,A"]
[Black "Marques,V"]
[Result "1/2-1/2"]
[WhiteElo "2149"]
[BlackElo "2380"]

1.e4 c5 2.Nf3 Nc6 3.Bb5 g6 4.Bxc6 dxc6 5.d3 Bg7 6.Nc3 Nf6 7.Be3 c4 8.dxc4 Qa5
9.O-O Be6 10.c5 Ng4 11.Bd4 O-O-O 12.Ne2 Bc4 13.Qe1 Qxe1 14.Rfxe1 e5 15.Bc3 f6  1/2-1/2